000 00607nam a2200205Ia 4500
003 GCL
008 140319s9999 xx 000 0 ara d
020 _a6665886977
040 _aGCL /
_cGCL
082 0 4 _a927
_bا ن
100 1 _aايمن الحكيم
245 1 0 _aالنهايات الماساوية /
_cايمن الحكيم
250 _aالاولى
260 _aالقاهرة :
_bدار الاحمدى للنشر ،
_c2002
300 _a215 ص ؛
_c24 سم
650 0 4 _aالرجال - تراجم
650 0 4 _aجمال حمدان
650 0 4 _aالنساء - تراجم
942 _2ddc
_cBK
999 _c5267
_d5267